000 00412nam a22001697a 4500
999 _c11638
_d11638
003 OSt
008 221231b ||||| |||| 00| 0 eng d
020 _a97881203244303
082 _a658.3124 PRS
100 _aPRASAD,Kesho
245 _aStrategic Human Resource Development
250 _aEd.1
260 _aNew Delhi
_bPHI
_c2012
300 _a408
650 _aHuman Resource Development
942 _2ddc
_cREF